| 000 | 00967cam a22002651 4500 | ||
|---|---|---|---|
| 001 | he 68001349 | ||
| 003 | DLC | ||
| 005 | 20260227111458.0 | ||
| 008 | 710901s1967 is f 000 0 eng | ||
| 010 | _ahe 68001349 | ||
| 025 | _aPL480:Is-5599 | ||
| 040 |
_aDLC _cDLC _dDLC |
||
| 041 | 1 |
_aeng _hheb |
|
| 050 | 0 | 0 |
_aNE2415.K59 _bA57 |
| 100 | 1 | _aḲnispel, Gershon. | |
| 245 | 1 | 0 |
_aStar of ashes. _b[Kokhav ha-efer. Ash-shṭern] _c[by] Ka. Tsetnik. [Translated from the Hebrew by H. Zeldes and Nina DeNur] Lithographs [by] Gershon Knispel. |
| 260 |
_a[Tel Aviv, _bMenorah, _c1967] |
||
| 300 |
_a18 col. plates. _c25 x 34 cm. |
||
| 350 | _aIL30.00 | ||
| 500 | _aPlates accompanied by transparent guard sheets with descriptive letterpress. | ||
| 500 | _a"Exclusive edition ... Two hundred and fifty copies ... Number of this copy 229/250." | ||
| 700 | 0 |
_aKa-tzetnik 135633, _d1917-2001. _tKokhav ha-efer. |
|
| 740 | 0 | _aKokhav ha-efer. | |
| 740 | 0 | _aAsh-shṭern. | |
| 999 |
_c33276 _d33276 |
||